| 000 | 00645nam a2200205Ia 4500 | ||
|---|---|---|---|
| 003 | LK-CoDNM | ||
| 005 | 20241217143954.0 | ||
| 008 | 121129t1961 xxu||||| |||| 00| 0 sin d | ||
| 040 |
_aLK-CoDNM _dLK-CoDNM _eLK-CoDNM |
||
| 041 | _asin | ||
| 080 |
_a8S-1 ,18 _bSAR |
||
| 100 | _aNgnnavimala Himi Kirielle | ||
| 245 | _aහෙලදිව් අබිදාන වත හා පුරාණ නාමාවලිය | ||
| 246 | _aHeladivu Abidana Vatha Ha Purana Namavaliya | ||
| 260 |
_bM.D.Gunasena Samagama _aColombo 11 _c1961 |
||
| 300 | _b109p. ; 22 cm | ||
| 650 | _a1961 | ||
| 650 | _aපුරාතන පද්ය | ||
| 942 | _cBK | ||
| 999 |
_c77203 _d77203 |
||